Finish the City Name-One Minute Sprint - Statistics

General Stats
  • This quiz has been taken 36 times
  • The average score is 14 of 15
Answer Stats
Hint Answer % Correct
Chic Ago
100%
Mel Bourne
97%
Lon Don
97%
Hong Kong
97%
Ber Lin
97%
Nash Ville
97%
Mum Bai
94%
Amster Dam
94%
Shang Hai
94%
Buda Pest
94%
Port Land
91%
Indiana Polis
91%
Charles Ton
91%
Guang Zhou
88%
Hono Lulu
85%
No matching quizzes found
Score Distribution
Percent of People with Each Score
Percentile by Number Answered
Your Score History
You have not taken this quiz